LOS JOVENES AL ENCUENTRO CON JESUCRISTO (Registro nro. 58948)
[ vista simple ]
| 000 -LEADER | |
|---|---|
| fixed length control field | 01088nam a2200205 a 4500 |
| 001 - CONTROL NUMBER | |
| control field | 58948 |
| 005 - DATE AND TIME OF LATEST TRANSACTION | |
| control field | 20180714055738.0 |
| 008 - FIXED-LENGTH DATA ELEMENTS--GENERAL INFORMATION | |
| fixed length control field | 140415s2009 mx 000 0 spa d |
| 020 ## - INTERNATIONAL STANDARD BOOK NUMBER | |
| International Standard Book Number | 9789706933713 |
| 041 ## - LANGUAGE CODE | |
| Language code of text/sound track or separate title | spa |
| 082 ## - DEWEY DECIMAL CLASSIFICATION NUMBER | |
| Classification number | 248.83 |
| Item number | ROD |
| 100 1# - MAIN ENTRY--PERSONAL NAME | |
| Personal name | RODRIGUEZ VARGAS, ALEXIS |
| 245 14 - TITLE STATEMENT | |
| Title | LOS JOVENES AL ENCUENTRO CON JESUCRISTO |
| 250 ## - EDITION STATEMENT | |
| Edition statement | 1a ed. |
| 260 ## - PUBLICATION, DISTRIBUTION, ETC. | |
| Place of publication, distribution, etc. | MEXICO : |
| Name of publisher, distributor, etc. | CONSEJO EPISCOPAL LATINOAMERICANO CELAM, |
| Date of publication, distribution, etc. | 2009 |
| 300 ## - PHYSICAL DESCRIPTION | |
| Extent | 39 |
| Dimensions | 13.5 x 0.3 x 21 |
| 490 ## - SERIES STATEMENT | |
| Series statement | A LA LUZ DE APARECIDA |
| 520 ## - SUMMARY, ETC. | |
| Summary, etc. | LOS JOVENES ADOLESCENTES REPRESENTAN UN ENORME POTENCIAL PARA EL PRESENTE Y FUTURO DE LA IGLESIA Y DE NUESTRO PUEBLOS, COMO DISCIPULOS Y MISIONEROS DEL SEÑOR JESUS, DICEN LOS OBISPOS EN EL DOCUMENTO DE APARECIDA; Y AFIRMAN QUE SON GENEROSOS, SENSIBLES A LAS CAUSAS NOBLES Y NO TEMEN AL SACRIFICIO NI A LA ENTREGA DE SU PROPIA VIDA. PERO TAMBIEN SOSTIENEN QUE LOS ADOLESCENTES Y LOS JOVENES LE TEMEN A UNA VIDA SIN SENTIDO, A LAS FALSAS ILUSIONES DE FELICIDAD Y A LOS PARAISOS ENGAÑOSOS DE |
| 650 14 - SUBJECT ADDED ENTRY--TOPICAL TERM | |
| Topical term or geographic name entry element | IGLESIA CATOLICA |
| General subdivision | IGLESIA CATOLICA |
| -- | JOVENES |
| Withdrawn status | Lost status | Source of classification or shelving scheme | Damaged status | Not for loan | Collection code | Home library | Current library | Shelving location | Date acquired | Source of acquisition | Inventory number | Total Checkouts | Full call number | Barcode | Date last seen | Price effective from | Koha item type |
|---|---|---|---|---|---|---|---|---|---|---|---|---|---|---|---|---|---|
| Dewey Decimal Classification | General | Biblioteca Karol Wojtyla | Biblioteca Karol Wojtyla | Sala general | 03/12/2013 | Compra | 151000000000000000056589 | 248.83 ROD | 89215 | 05/01/2026 | 04/09/2014 | Libro | |||||
| Dewey Decimal Classification | General | Biblioteca Karol Wojtyla | Biblioteca Karol Wojtyla | Sala general | 03/12/2013 | Compra | 151000000000000000015249 | 248.83 ROD | 89214 | 05/01/2026 | 04/09/2014 | Libro |